00494nam a2200157Ia 4500008004100000040001800041041000800059100001200067245008800079260005900167300001800226650002500244650002200269650002000291700002500311130821s1946 sp gr spa  aCo-BoUCMbspa00aspa1 aPindaro10aHimnos triunfalescPindaro ; prólogo, traducción y notas de Agustín Esclasans aBarcelona (España)bJoaquLn Gil Editores, S.A.c1946 a292 páginas aLiteratura clásica aLiteratura griega aPoesía griega1 aEsclasans, Agustín